STN EN 13414-2+A2: 2009 (02 4403), Závesy z oceľových lán. Bezpečnosť Časť 2 Špecifikácia informácií na používanie a údržbu poskytovaných výrobcom (Konsolidovaný text)
Táto norma je slovenskou verziou európskej normy EN 13414-2: 2003+A2: 2008. Preklad zabezpečil Slovenský ústav technickej normalizácie. Táto norma má rovnaké postavenie, ako majú oficiálne verzie
| Korporatívny autor: | |
|---|---|
| Ďalší autori: | |
| Médium: | Kniha |
| Jazyk: | slovenčina angličtina |
| Fyzický popis: | 24 s. obr., tab. 30 cm |
| Vydavateľské údaje: |
Bratislava
Slovenský ústav technickej normalizácie
2009
|
| Predmet: |
MARC
| LEADER | 00000cam a2200000 a 4500 | ||
|---|---|---|---|
| 001 | vtls009841502 | ||
| 003 | SK-MaSNL | ||
| 005 | 20260302080938.0 | ||
| 008 | 130117s2009 xo a f u 000 0 slo | ||
| 015 | |a SNBN2009/04-01483 | ||
| 020 | |c (cen. skup. 12) | ||
| 035 | |a (SVKBBclas03)vtls000308259 | ||
| 040 | |a SNK |b slo |c SNK |e AACR2 | ||
| 041 | 1 | |a slo |h eng | |
| 044 | |a xo |c SK | ||
| 046 | |a s |m 200904 (účin.) | ||
| 072 | 7 | |a 621 |x Strojárstvo |2 konspekt | |
| 072 | 7 | |a 331 |x Práca |2 konspekt | |
| 080 | |a 621.87 |2 2001 | ||
| 080 | |a 006.88 |2 2001 | ||
| 080 | |a (437.6) 2 2001 |2 1981 | ||
| 080 | |a (4) |2 2001 | ||
| 080 | |a 331.45 |2 2001 | ||
| 080 | |a (083.742) |2 2001 | ||
| 080 | |a 621.873 |2 2001 | ||
| 084 | |a 53.020.30 |2 ICS | ||
| 130 | 0 | |a STN 02 4403 (STN EN 13414-2+A2) |9 745837 | |
| 245 | 1 | 0 | |a STN EN 13414-2+A2: 2009 (02 4403), Závesy z oceľových lán. Bezpečnosť |n Časť 2 |p Špecifikácia informácií na používanie a údržbu poskytovaných výrobcom (Konsolidovaný text) |
| 246 | 1 | 0 | |a Závesy z oceľových lán |
| 246 | 3 | 0 | |a EN 13414-2: 2003+A2: 2008 E |
| 246 | 1 | 0 | |a Špecifikácia informácií na používanie a údržbu poskytovaných výrobcom |
| 260 | |a Bratislava |b Slovenský ústav technickej normalizácie |c 2009 | ||
| 300 | |a 24 s. |b obr., tab. |c 30 cm | ||
| 500 | |a Táto norma nahrádza STN EN 13414-2 zo septembra 2004 v celom rozsahu. STN EN 13414-2 zo septembra 2004 sa môže súbežne s touto normou používať do 28.12.2009 | ||
| 500 | |a Spracovateľ: PR CONSULTING Brezno, Peter Rusňák | ||
| 500 | |a Súbežný názov anglicky, nemecky a francúzsky | ||
| 504 | |a Citované normy, súvisiace právne predpisy s. 2 ; literatúra s.23 | ||
| 520 | 8 | |a Táto norma je slovenskou verziou európskej normy EN 13414-2: 2003+A2: 2008. Preklad zabezpečil Slovenský ústav technickej normalizácie. Táto norma má rovnaké postavenie, ako majú oficiálne verzie | |
| 540 | |a STN vydané na akomkoľvek nosiči sa môžu rozmnožovať a rozširovať iba so súhlasom určenej právnickej osoby |b SÚTN Bratislava |c zákon 264/1999 Z. z. | ||
| 650 | 0 | 7 | |a zdvíhacie zariadenia |2 SNKPH |9 4005 |
| 650 | 0 | 7 | |a technické normy a štandardy |z Slovensko |2 SNKPH |9 79594 |
| 650 | 0 | 7 | |a technické normy a štandardy |z krajiny Európskej únie |2 SNKPH |9 289341 |
| 650 | 0 | 7 | |a Lifting equipment |2 SNKPHeng |9 305115 |
| 650 | 0 | 7 | |a Cranes |2 SNKPHeng |9 293847 |
| 650 | 0 | 7 | |a žeriavy (stroje) |2 SNKPH |9 111489 |
| 650 | 0 | 7 | |a bezpečnosť práce |2 SNKPH |9 1296 |
| 650 | 0 | 7 | |a Occupational safety |2 SNKPHeng |9 287472 |
| 655 | 7 | |a normy |2 SNKPH |9 70643 | |
| 700 | 1 | |a Rusňák, Peter |4 trl |9 5405 | |
| 710 | 2 | |a PR CONSULTING (Brezno, Slovensko) |4 trl |9 321393 | |
| 710 | 2 | |a Slovenský ústav technickej normalizácie (Bratislava, Slovensko). |b Technická komisia č. 100 Zdvíhacie zariadenia, žeriavy |4 stn |9 322026 | |
| 774 | 1 | 8 | |t STN EN 13414-2: 2004 |d Bratislava: Slovenský ústav technickej normalizácie, 2004 |w vtls009925370 |
| 958 | |a OP | ||
| 958 | |a NB | ||
| 999 | |c 1174747 |d 1176677 | ||
| 952 | |a SNK |b SNK |y PREZ |7 0 |p 17A0619985 |o snkSTN EN 13414-2+A2 |i snk2009/8152 |8 0 |0 0 |1 0 |4 0 |d 2009-05-05 |l 0 |r 2026-02-24 21:18:35 |w 2026-02-24 | ||
| 952 | |a SNK |b SNK |y PREZ |7 0 |p 17A0619984 |o snkSTN EN 13414-2+A2 D1 |i snk2009/8153 |8 0 |0 0 |1 0 |4 0 |d 2009-05-05 |l 0 |r 2026-02-24 21:18:35 |w 2026-02-24 | ||


